000 00701nam a2200193 i 4500
001 160670
003 ES-MaACL
005 20250824063056.0
008 950412s1879 sp f |||| | spa d
100 1 _aNieremberg, Juan Eusebio,
_d1595-1658
_985642
245 1 0 _aDe la hermosura de Dios y su amabilidad por las infinitas perfecciones del ser divino /
_ccompuesto por el P. Juan Eusebio Nieremberg.
260 _aMadrid :
_b[s.n.],
_c1879 (
_fImp. de Antonio Pérez Dubrull)
300 _aXX, 549 p., [1] h. de lám. ;
_c18 cm.
596 _aColofón.
597 _aPort. a dos tintas.
650 4 _aDios.
_911900
852 _aES-MaACL
_jG-10531
_z- Enc. hol.
999 _c160670
_d160670